| 000 | 00542cam a22001931 4500 | ||
|---|---|---|---|
| 001 | ca 09004835 | ||
| 003 | DLC | ||
| 005 | 20260227111050.0 | ||
| 008 | 790929s1883 nyu 000 1 eng | ||
| 010 | _aca 09004835 | ||
| 035 | _a(OCoLC)5438821 | ||
| 040 |
_aDLC _cOCl _dOCoLC _dDLC |
||
| 050 | 0 | 0 |
_aPZ3.P29 _bTh4 _aPR5154 |
| 100 | 1 |
_aPayn, James, _d1830-1898. |
|
| 245 | 1 | 0 |
_aThicker than water. _bA novel. _cBy James Payn. |
| 260 |
_aNew York, _bG. Munro _c[1883] |
||
| 300 |
_a389 p. _c19 cm. |
||
| 490 | 0 |
_aSeaside library. Pocket ed. _vno. 48 |
|
| 999 |
_c14049 _d14049 |
||